| 000 | 01100nam0a2200289 4500 | ||
|---|---|---|---|
| 001 | RU\NLR\bibl\479036 | ||
| 005 | 20250623192144.0 | ||
| 010 |
_a5-9560-0122-4 _93000 |
||
| 021 |
_aRU _b2003-60294 _92947 |
||
| 035 | _a(NLR Aleph) 000471988 | ||
| 090 |
_a999545 _c999545 |
||
| 100 | _a20040113d2003 |||y0rusy50 ca | ||
| 101 | 0 | _arus | |
| 102 | _aRU | ||
| 105 | _ay ||||||||| | ||
| 200 | 1 |
_aНесладкий кофе _fКира Сурикова |
|
| 210 |
_aМ. _cВагриус _d2003 |
||
| 215 |
_a253, [2] с. _d21 |
||
| 327 | 0 | _aСодерж.: Несладкий кофе; C'est la vie; Буду; Страсти по Ботичелли; "Bye-bye, love, bye-bye, happiness!..."; Ира - дура; Аутсайдерский романчик; Эти дети смеялись как сумасшедшие ...; Шарик; "Донна Клара" и др. | |
| 686 | _aШ6(2=Р)75-440.5 | ||
| 700 | 1 |
_aСурикова _bК. _gКира _4070 |
|
| 801 | 0 |
_aRU _bNLR _c20040113 _gPSBO |
|
| 801 | 1 |
_aRU _bNLR _c20040113 |
|
| 942 | _cBOOK | ||
| 980 | _aNB | ||